French City By Picture - Statistics

General Stats
  • This quiz has been taken 277 times
  • The average score is 9 of 12
Answer Stats
Picture Answer % Correct
Paris
100%
Marseille
95%
Lyon
93%
Nice
93%
Bordeaux
83%
Strasbourg
80%
Toulouse
79%
Nantes
75%
Lille
74%
Grenoble
63%
Montpellier
62%
Cannes
50%
No matching quizzes found
Score Distribution
Percent of People with Each Score
Percentile by Number Answered
Your Score History
You have not taken this quiz